000 00272nam a2200109Ia 4500
008 200302s9999 xx 000 0 und d
100 _aBarry A. Richardson
245 _aDefects and Deterioration in Buildings
260 _bE. & F. N. Spon
260 _c1991
300 _a184 P.,
999 _c742
_d742